Discovering Statistics using IBM SPSS Statistics (Record no. 4585)

MARC details
005 - DATE AND TIME OF LATEST TRANSACTION
control field 20250623071945.0
020 ## - INTERNATIONAL STANDARD BOOK NUMBER
International Standard Book Number 978-1-4462-4918-5
082 ## - DEWEY DECIMAL CLASSIFICATION NUMBER
Classification number 300.28
100 ## - MAIN ENTRY--PERSONAL NAME
Author name FIELD,Andy
245 ## - TITLE STATEMENT
Title Discovering Statistics using IBM SPSS Statistics
250 ## - EDITION STATEMENT
Edition statement 4th ed
260 ## - PUBLICATION, DISTRIBUTION, ETC.
Place of publication, distribution, etc. London
Name of publisher, distributor, etc. Sage
Date of publication, distribution, etc. 2013
300 ## - PHYSICAL DESCRIPTION
Extent xxxii,915p,;ill,Figure,picture
Other physical details References
Dimensions 27CM.
942 ## - ADDED ENTRY ELEMENTS (KOHA)
Source of classification or shelving scheme Dewey Decimal Classification
Koha item type Books
Holdings
Date last seen Total checkouts Full call number Barcode Cost, replacement price Price effective from Koha item type Lost status Source of classification or shelving scheme Damaged status Not for loan Withdrawn status Home library Current library Shelving location Date acquired Source of acquisition Cost, normal purchase price
06/23/2025   300.28 FIE MZA0001756 150000.00 06/23/2024 Books   Dewey Decimal Classification       CBE Mwanza CBE Mwanza Special Reserve Collection 06/17/2024 Library Budget 50000.00
06/23/2025   300.28 FIE MZA0001757 150000.00 06/23/2024 Books   Dewey Decimal Classification       CBE Mwanza CBE Mwanza Special Reserve Collection 06/17/2024 Library Budget 50000.00
06/23/2025   300.28 FIE MZA0001758 150000.00 06/23/2024 Books   Dewey Decimal Classification       CBE Mwanza CBE Mwanza Special Reserve Collection 06/17/2024 Library Budget 50000.00